Score 0/16 Timer 02:00
0 Plays Today
Clue 4-Letter Word % Correct
Patriarch of the Flintstone familyFRED
93.4%
Have an evening mealDINE
92.3%
'I Feel ___' - The BeatlesFINE
92%
Yew, oak or aspen, e.g.TREE
91.4%
Complete a searchFIND
90.4%
Give sustenance toFEED
87.2%
Hold off an attackFEND
87%
Very, in FrenchTRÈS
83.1%
Clue 4-Letter Word % Correct
Singer Springfield of 'Jessie's Girl'RICK
79.2%
Greek god of warARES
77.8%
What you roll to get box carsDICE
74.6%
Texas university that's home to the OwlsRICE
70.3%
Your rep on the street, for shortCRED
63.8%
[First Rung] of [Last Rung]: Musical turned into a Tom Cruise movie in 2012ROCK
63.2%
Native tribe predominant in CanadaCREE
62.2%
[First Rung] of [Last Rung]: Musical turned into a Tom Cruise movie in 2012AGES
55.9%

Today's Daily Dose

Remove Ads.
Support Sporcle.
Get the best of Sporcle when you Go Orange. This ad-free experience offers more features, more stats, and more fun while also helping to support Sporcle. Thank you for becoming a member.

You're not logged in!

Compare scores with friends on all Sporcle quizzes.
OR
Log In

Show Comments

Extras

Top Quizzes Today


Score Distribution

Your Account Isn't Verified!

In order to create a playlist on Sporcle, you need to verify the email address you used during registration. Go to your Sporcle Settings to finish the process.

Report this User

Report this user for behavior that violates our Community Guidelines.

Details: